00726nam a2200193 4500003000900000005001700009008004100026020002600067040001300093082001400106100003100120245013100151260003200282300001000314440007400324942000900398952011000407999001500517SEACOMEC20241122123130.0241122b |||||||| |||| 00| 0 eng d a9781558608719c295.00 aSEACOMEC a006bS724 a Dongarra, J. J...et.al.. aSourcebook of Parallel Computing /cEditited by J. J. Dongarra, Ian Foster, Geoffrey Fox, Ken Kennedy, and Linda Torczon aNew DelhibELSEVIER, c2003 a842 p aThe Morgan Kaufmann Series in Computer Architecture and Design Series cBOOK 00102ddc4070aSEACOMECbSEACOMECd2007-07-31l0o006 S724p7778r2024-11-22 12:32:04w2024-11-22yBOOK c1841d1841